000 00293nam a22001337a 4500
008 170210b xxu||||| |||| 00| 0 eng d
020 _a9780323046602
041 _aeng
080 _a61
100 _a4
101 _aSHM
245 _aYEAR BOOK OF MEDICINE 2007
_cBARKIN, J.S
942 _2udc
_cBK
999 _c5077
_d5077